[Event "Moscow Open A 2015"]
[Site "Moscow RUS"]
[Date "2015.02.07"]
[Round "8.38"]
[White "Vdovin, Vadim"]
[Black "Kanmazalp, Ogulcan"]
[Result "0-1"]
[WhiteTitle "FM"]
[BlackTitle "IM"]
[WhiteElo "2377"]
[BlackElo "2457"]
[WhiteFideId "24107158"]
[BlackFideId "6304990"]
[EventDate "2015.01.31"]

1. e4 c5 2. Nf3 d6 3. d4 cxd4 4. Nxd4 Nf6 5. Nc3 Nc6 6. Be3 e5 7. Ndb5 a6 8. Na3
b5 9. Nd5 Rb8 10. Nxf6+ Qxf6 11. g3 Be6 12. Bg2 Qd8 13. O-O Be7 14. c3 O-O 15.
Nc2 a5 16. f4 b4 17. cxb4 Nxb4 18. Nxb4 Rxb4 19. b3 Qa8 20. f5 Bd7 21. Bc5 dxc5
22. Qxd7 Rb7 23. Qd5 Rd8 24. Qc6 Rc8 25. Qd5 Rd8 26. Qc6 Qb8 27. Rfd1 Rc8 28.
Qd5 c4 29. bxc4 Bc5+ 30. Kh1 Bd4 31. Rac1 Rc5 32. Rxd4 Rxd5 33. Rxd5 Rb1 34.
Rd8+ Qxd8 35. Rxb1 Kf8 36. h4 Qd3 37. Rb8+ Ke7 38. Rb7+ Kd6 0-1

[Event "Moscow Open A 2015"]
[Site "Moscow RUS"]
[Date "2015.02.07"]
[Round "8.39"]
[White "Krapivin, Alexander"]
[Black "Kazakovskiy, Valeriy"]
[Result "1-0"]
[WhiteTitle "GM"]
[WhiteElo "2443"]
[BlackElo "2354"]
[WhiteFideId "4154720"]
[BlackFideId "13507443"]
[EventDate "2015.01.31"]

1. e4 c5 2. c4 Nc6 3. g3 g6 4. Bg2 Bg7 5. Nc3 d6 6. d3 e6 7. Nge2 Nge7 8. O-O
O-O 9. Bg5 h6 10. Be3 Nd4 11. Qd2 Kh7 12. Rab1 Nec6 13. f4 Bd7 14. Bf2 f5 15.
exf5 gxf5 16. Nxd4 Nxd4 17. Ne2 Bc6 18. b4 Qd7 19. Bxc6 Qxc6 20. Nxd4 cxd4 21.
c5 Rac8 22. Rfe1 Rfe8 23. Qd1 b6 24. cxd6 Qxd6 25. Qh5 Re7 26. Re2 Qd5 27. Rbe1
Rg8 28. Rc2 Bf6 29. Rec1 Rgg7 30. Rc8 Rgf7 31. R1c4 Bg7 32. a4 e5 33. R4c6 Bf6
34. Qxf5+ Kg7 35. Qg4+ 1-0

[Event "Moscow Open A 2015"]
[Site "Moscow RUS"]
[Date "2015.02.07"]
[Round "8.40"]
[White "Sadovsky, Artem"]
[Black "Konovalov, Nikolay"]
[Result "1-0"]
[BlackTitle "IM"]
[WhiteElo "2362"]
[BlackElo "2442"]
[WhiteFideId "4155840"]
[BlackFideId "4170962"]
[EventDate "2015.01.31"]

1. e4 c6 2. Nf3 d5 3. Nc3 Bg4 4. h3 Bh5 5. exd5 cxd5 6. Bb5+ Nc6 7. O-O e6 8.
Re1 Nf6 9. d3 Be7 10. g4 Bg6 11. Ne5 Qc7 12. Bf4 Bd6 13. g5 d4 14. gxf6 dxc3 15.
Nxg6 hxg6 16. fxg7 Rg8 17. Bxc6+ Qxc6 18. Bxd6 Qxd6 19. bxc3 Rc8 20. Qf3 b6 21.
Qb7 Qd7 22. Qxd7+ Kxd7 23. c4 Rxg7 24. a4 Rh7 25. Kg2 Rh5 26. Reb1 Rg5+ 27. Kf1
Rcc5 28. Rb5 Kc6 29. Rab1 Rh5 30. Rxc5+ Kxc5 31. Rb5+ Kd4 32. Rxh5 gxh5 33. Ke2
Kc3 34. a5 e5 35. axb6 axb6 36. f4 f6 37. Kd1 h4 38. Kc1 e4 39. dxe4 Kxc4 40. c3
b5 41. Kc2 b4 42. cxb4 Kxb4 43. Kd3 Kc5 44. Kc3 Kb5 45. Kd4 Kc6 46. e5 Kd7 47.
exf6 Ke6 48. Ke4 Kxf6 49. f5 1-0

[Event "Moscow Open A 2015"]
[Site "Moscow RUS"]
[Date "2015.02.07"]
[Round "8.41"]
[White "Petrov, Nikita"]
[Black "Bublei, Pavel"]
[Result "0-1"]
[WhiteTitle "IM"]
[BlackTitle "FM"]
[WhiteElo "2436"]
[BlackElo "2354"]
[WhiteFideId "4101286"]
[BlackFideId "24112593"]
[EventDate "2015.01.31"]

1. e4 c6 2. d4 d5 3. Nd2 dxe4 4. Nxe4 Nf6 5. Nxf6+ exf6 6. c3 Bf5 7. Bd3 Bxd3 8.
Qxd3 Bd6 9. Nf3 O-O 10. O-O Na6 11. Rd1 Qd7 12. h3 Rad8 13. c4 Rfe8 14. Be3 Bf8
15. Rac1 Nc5 16. Qc2 Ne4 17. d5 b6 18. a3 Bd6 19. Rd4 f5 20. dxc6 Qxc6 21. Rd5
Bc5 22. Bxc5 Rxd5 23. cxd5 Qxc5 24. Qxc5 bxc5 25. b4 cxb4 26. axb4 g6 27. Nd4
Nf6 28. d6 Rd8 29. Rc6 Ne8 30. b5 Nxd6 31. Ra6 Ne4 32. f3 Rd6 33. Nc6 Rd1+ 34.
Kh2 Nc3 35. Nxa7 f4 36. b6 Rb1 37. Nc8 Ne2 38. Ne7+ Kg7 39. Ra4 g5 40. Nf5+ Kf6
41. Ra2 Nc3 42. Rc2 Nd5 43. g4 Rxb6 44. h4 gxh4 45. Nxh4 Ne3 46. Ra2 Rb5 47. Ra4
Kg5 48. Kh3 Rb1 49. Ra5+ f5 50. Rxf5+ Nxf5 51. Nxf5 h5 52. Nd4 hxg4+ 53. fxg4
Rh1+ 54. Kg2 Rd1 55. Nf3+ Kxg4 56. Nh2+ Kf5 57. Nf3 Ra1 58. Kf2 Ra2+ 59. Ke1 Ke4
60. Nd2+ Rxd2 0-1

[Event "Moscow Open A 2015"]
[Site "Moscow RUS"]
[Date "2015.02.07"]
[Round "8.42"]
[White "Oganian, Miran"]
[Black "Kukhmazov, Arsen"]
[Result "1/2-1/2"]
[WhiteTitle "FM"]
[BlackTitle "FM"]
[WhiteElo "2347"]
[BlackElo "2434"]
[WhiteFideId "4122488"]
[BlackFideId "24108260"]
[EventDate "2015.01.31"]

1. d4 d5 2. c4 c6 3. Nf3 Nf6 4. Qc2 Bg4 5. Ne5 Be6 6. cxd5 cxd5 7. Nc3 Nbd7 8.
Nxd7 Qxd7 9. Bf4 Rc8 10. Qb3 Ne4 11. Rc1 g5 12. Bg3 Bg7 13. e3 a6 14. f3 Nxc3
15. Rxc3 O-O 16. Be2 Rxc3 17. bxc3 b5 18. Kd2 Qc6 19. h4 f6 20. Qc2 h6 21. hxg5
fxg5 22. Bd3 Rc8 23. Bh7+ Kf8 24. Bd3 Bf7 25. Ra1 Be8 26. Rc1 Bf6 27. Bg6 Kg7
28. Bxe8 Qxe8 29. Qd3 Qc6 30. f4 Qc4 31. fxg5 hxg5 32. Qb1 Rc6 33. Qb3 e6 34.
Rh1 Qxb3 35. axb3 Be7 36. Kd3 a5 37. Ra1 Ra6 38. c4 dxc4+ 39. bxc4 bxc4+ 40.
Kxc4 Rc6+ 41. Kb5 Rc2 42. Rxa5 Rxg2 43. Be5+ Bf6 44. Kc6 Re2 1/2-1/2

[Event "Moscow Open A 2015"]
[Site "Moscow RUS"]
[Date "2015.02.07"]
[Round "8.43"]
[White "Asgarizadeh, Ahmad"]
[Black "Mischuk, Dmitry"]
[Result "0-1"]
[BlackTitle "IM"]
[WhiteElo "2424"]
[BlackElo "2323"]
[WhiteFideId "12505684"]
[BlackFideId "14118734"]
[EventDate "2015.01.31"]

1. e4 e6 2. d4 d5 3. Nc3 Nf6 4. e5 Nfd7 5. f4 c5 6. Nf3 Nc6 7. Be3 cxd4 8. Nxd4
Qb6 9. Qd2 Qxb2 10. Rb1 Qa3 11. Bb5 Nxd4 12. Bxd4 a6 13. Bxd7+ Bxd7 14. Rb3 Qe7
15. Rxb7 Rc8 16. O-O Qa3 17. Rf3 Qa5 18. Rd3 Bc5 19. Qe3 Bxd4 20. Qxd4 Bb5 21.
Rg3 O-O 22. f5 Qa3 23. h3 Qc1+ 24. Kh2 Rc4 25. Qa7 Qf4 26. Nxb5 axb5 27. Rb8
Qxe5 28. Rxf8+ Kxf8 29. Qa8+ Ke7 30. Qb7+ Qc7 31. Qxc7+ Rxc7 32. fxe6 Kxe6 33.
c3 g6 34. Re3+ Kd6 35. Rf3 f5 0-1

[Event "Moscow Open A 2015"]
[Site "Moscow RUS"]
[Date "2015.02.07"]
[Round "8.44"]
[White "Oganisian, Roman"]
[Black "Alikulov, Elbek"]
[Result "1-0"]
[WhiteTitle "FM"]
[BlackTitle "FM"]
[WhiteElo "2304"]
[BlackElo "2418"]
[WhiteFideId "4153006"]
[BlackFideId "14203308"]
[EventDate "2015.01.31"]

1. e4 c5 2. Nf3 d6 3. d4 cxd4 4. Nxd4 Nf6 5. Nc3 a6 6. h3 e6 7. g4 b5 8. Bg2 Bb7
9. g5 Nfd7 10. O-O Nc6 11. Nxc6 Bxc6 12. f4 Rc8 13. f5 Ne5 14. Bf4 g6 15. fxe6
fxe6 16. Bxe5 dxe5 17. Qg4 Bd7 18. a3 a5 19. Kh1 Qe7 20. Rf2 Bg7 21. Rd1 b4 22.
axb4 axb4 23. Na2 Rf8 24. Rfd2 Rc7 25. Rd6 b3 26. cxb3 Rf4 27. Qg3 Bf8 28. R6d2
Qf7 29. Nc3 Bb4 30. Rd3 Bc6 31. Qe3 Qe7 32. Qb6 Bc5 33. Qb8+ Kf7 34. Qh8 Bd4 35.
Qxh7+ Kf8 36. Qh8+ Kf7 37. Ne2 Rf2 38. Nxd4 exd4 39. Qxd4 Re2 40. Qh8 Rf2 41.
Rd8 Be8 42. Rxe8 1-0

[Event "Moscow Open A 2015"]
[Site "Moscow RUS"]
[Date "2015.02.07"]
[Round "8.45"]
[White "Nikologorskiy, Konstantin"]
[Black "Babikov, Ivan"]
[Result "1-0"]
[WhiteTitle "FM"]
[BlackTitle "FM"]
[WhiteElo "2414"]
[BlackElo "2279"]
[WhiteFideId "24111708"]
[BlackFideId "4161106"]
[EventDate "2015.01.31"]

1. d4 d5 2. c4 e5 3. dxe5 d4 4. Nf3 Nc6 5. a3 Bg4 6. Nbd2 Nge7 7. Nb3 Nf5 8. Qd3
Qd7 9. g3 a5 10. Bf4 h6 11. Rd1 O-O-O 12. h4 a4 13. Nbd2 Nfe7 14. Bg2 Bf5 15.
Ne4 Ng6 16. h5 Nxf4 17. gxf4 Kb8 18. Nh4 Bg4 19. Ng3 Qe8 20. Nhf5 Bxf5 21. Qxf5
g5 22. fxg5 Nxe5 23. Qe4 c6 24. Rxd4 Rxd4 25. Qxd4 hxg5 26. O-O f6 27. Rd1 Be7
28. c5 Qf7 29. Qb4 Qe6 30. Be4 Qb3 31. Rd4 Qxb4 32. axb4 Kc7 33. Bc2 b5 34.
cxb6+ Kxb6 35. Bxa4 Ra8 36. Bc2 Rh8 37. Nf5 c5 38. Rd5 Bf8 39. Rd8 cxb4 40. h6
Kc7 41. Re8 Nf7 42. Bb3 Nd6 43. Nxd6 Kxd6 44. h7 Bg7 45. Rg8 Rxh7 46. Bc2 Rh8
47. Rxg7 Rc8 48. Bd3 1-0

[Event "Moscow Open A 2015"]
[Site "Moscow RUS"]
[Date "2015.02.07"]
[Round "8.46"]
[White "Esipenko, Andrey"]
[Black "Simonian, Tigran"]
[Result "1/2-1/2"]
[WhiteTitle "FM"]
[BlackTitle "IM"]
[WhiteElo "2271"]
[BlackElo "2412"]
[WhiteFideId "24175439"]
[BlackFideId "13303597"]
[EventDate "2015.01.31"]

1. d4 Nf6 2. c4 e6 3. g3 d5 4. Nf3 Be7 5. Bg2 O-O 6. O-O dxc4 7. Qc2 a6 8. Qxc4
b5 9. Qc2 Bb7 10. Bd2 Ra7 11. Rc1 Be4 12. Qb3 Bd5 13. Qc2 Be4 14. Qd1 Bxf3 15.
Bxf3 Qxd4 16. a4 b4 17. Qb3 c5 18. Be3 Qd8 19. Nd2 Nbd7 20. a5 Ne5 21. Bxc5 Bxc5
22. Rxc5 Qxd2 23. Rxe5 Rc7 24. Rd1 Rc1 25. Rxc1 Qxc1+ 26. Kg2 Qc7 27. Qe3 Rc8
28. Qd4 h6 29. h4 Rd8 30. Qb6 Qxb6 31. axb6 Nd7 32. Ra5 Nxb6 33. Rxa6 Nc4 34. b3
Nd2 35. Rb6 Nxb3 36. Rxb4 Nd4 37. Rc4 g6 38. e3 Nxf3 39. Kxf3 h5 40. Rc2 Kg7 41.
Ke4 Rd7 1/2-1/2

[Event "Moscow Open A 2015"]
[Site "Moscow RUS"]
[Date "2015.02.07"]
[Round "8.47"]
[White "Naumkin, Igor"]
[Black "Drygalov, Sergey"]
[Result "1/2-1/2"]
[WhiteTitle "GM"]
[WhiteElo "2408"]
[BlackElo "2269"]
[WhiteFideId "4101715"]
[BlackFideId "24171743"]
[EventDate "2015.01.31"]

1. d4 Nf6 2. c4 e6 3. Nf3 Bb4+ 4. Nbd2 b6 5. g3 Bb7 6. Bg2 O-O 7. O-O c5 8. dxc5
Bxc5 9. a3 d5 10. b4 Be7 11. Qc2 Nbd7 12. Bb2 Rc8 13. Nd4 Qc7 14. Rac1 Qb8 15.
Qb3 dxc4 16. Nxc4 Bxg2 17. Kxg2 Qb7+ 18. f3 Rfd8 19. Ne3 Bf8 20. Rfd1 b5 21. Qd3
a6 22. Nb3 Qa8 23. Qb1 Rxc1 24. Qxc1 Rc8 25. Qd2 Be7 26. Nd4 Nb6 27. Ndf5 exf5
28. Nxf5 Bf8 29. Qg5 Nbd5 30. Rd2 Qc6 31. e4 Ne7 32. Nh6+ Kh8 33. Nxf7+ Kg8 34.
Nh6+ Kh8 35. Nf7+ Kg8 36. Nh6+ Kh8 37. Nf7+ 1/2-1/2

[Event "Moscow Open A 2015"]
[Site "Moscow RUS"]
[Date "2015.02.07"]
[Round "8.48"]
[White "Kezin, Roman"]
[Black "Galoyan, Levon"]
[Result "1-0"]
[WhiteTitle "FM"]
[BlackTitle "FM"]
[WhiteElo "2408"]
[BlackElo "2256"]
[WhiteFideId "24124621"]
[BlackFideId "13302027"]
[EventDate "2015.01.31"]

1. d4 Nf6 2. c4 e6 3. g3 c5 4. d5 exd5 5. cxd5 b5 6. Nf3 Bb7 7. e4 Nxe4 8. Bg2
Be7 9. O-O O-O 10. Re1 f5 11. Nc3 Nxc3 12. bxc3 Bf6 13. Rb1 Bxc3 14. Re3 Bf6 15.
Rxb5 Qc8 16. d6 Be4 17. Rxe4 fxe4 18. Qd5+ Kh8 19. Qxa8 exf3 20. Bxf3 Bd4 21.
Bg5 Bf6 22. Bxf6 gxf6 23. Qxa7 Nc6 24. Qxc5 Ne5 25. Qxc8 Rxc8 26. Bd5 Rc1+ 27.
Kg2 Rc2 28. a4 Ng4 29. Rb8+ 1-0

[Event "Moscow Open A 2015"]
[Site "Moscow RUS"]
[Date "2015.02.07"]
[Round "8.49"]
[White "Korchmar, Vasiliy"]
[Black "Bykov, Oleg"]
[Result "1/2-1/2"]
[WhiteTitle "FM"]
[WhiteElo "2405"]
[BlackElo "2186"]
[WhiteFideId "24131750"]
[BlackFideId "24198978"]
[EventDate "2015.01.31"]

1. c4 c6 2. Nf3 d5 3. e3 Nf6 4. Nc3 Nbd7 5. Qc2 a6 6. d4 e6 7. b3 Bd6 8. g4 h6
9. Bb2 e5 10. O-O-O e4 11. Nh4 Nxg4 12. Nf5 Ndf6 13. Nxd6+ Qxd6 14. h3 Nh2 15.
Bg2 Nf3 16. Bxf3 exf3 17. Rhg1 g6 18. e4 Qf4+ 19. Kb1 Nxe4 20. Nxe4 Bf5 21. Bc1
Qxe4 22. Qxe4+ Bxe4+ 23. Kb2 g5 24. h4 f6 25. Rh1 Kf7 26. Be3 Kg6 27. c5 Raf8
28. Rdg1 Kf5 29. Ka3 Rfg8 30. Kb4 Re8 31. Rg3 g4 32. Kc3 h5 33. Re1 Rhg8 34. Kd2
Kg6 35. Bf4 Bf5 36. Rgg1 Bd7 37. Bd6 Kf5 38. Kd3 Rh8 39. a4 Re2 40. Rxe2 fxe2
41. a5 Re8 42. Re1 Re4 43. Bg3 Be6 44. Bd6 Bd7 45. Bg3 Be6 1/2-1/2

[Event "Moscow Open A 2015"]
[Site "Moscow RUS"]
[Date "2015.02.07"]
[Round "8.50"]
[White "Sargsyan, Shant"]
[Black "Schroeder, Jan-Christian"]
[Result "0-1"]
[WhiteTitle "CM"]
[BlackTitle "FM"]
[WhiteElo "2172"]
[BlackElo "2405"]
[WhiteFideId "13306766"]
[BlackFideId "24662259"]
[EventDate "2015.01.31"]

1. d4 Nf6 2. c4 g6 3. Nc3 Bg7 4. g3 O-O 5. Bg2 d6 6. Nf3 Nbd7 7. O-O e5 8. h3
Re8 9. e4 c6 10. Be3 exd4 11. Nxd4 Nc5 12. Qc2 a5 13. Nb3 Nfd7 14. Rad1 Qc7 15.
Rfe1 a4 16. Nxc5 Nxc5 17. Bxc5 dxc5 18. Nxa4 Qa5 19. b3 Bd4 20. Re2 Be6 21. Rd3
Bxc4 22. Qxc4 b5 23. Qc2 bxa4 24. Kh2 axb3 25. axb3 Qb5 26. f4 Ra1 27. Rd1 Rxd1
28. Qxd1 Ra8 29. e5 Ra1 30. Qc2 Bg1+ 31. Kh1 Be3+ 32. Kh2 Rc1 33. Qb2 Qd3 34. e6
fxe6 35. Bf3 Rc3 36. h4 Bc1 37. Qa1 Qxf3 38. Rg2 Bxf4 39. Qa8+ Kg7 0-1

[Event "Moscow Open A 2015"]
[Site "Moscow RUS"]
[Date "2015.02.07"]
[Round "8.51"]
[White "Drygalov, Andrey"]
[Black "Kozionov, Kirill"]
[Result "1-0"]
[BlackTitle "IM"]
[WhiteElo "2162"]
[BlackElo "2391"]
[WhiteFideId "24171735"]
[BlackFideId "24101729"]
[EventDate "2015.01.31"]

1. e4 c5 2. Nc3 a6 3. Nf3 b6 4. d4 cxd4 5. Nxd4 Bb7 6. Bd3 g6 7. O-O Bg7 8. Nb3
d6 9. f4 Nd7 10. Qe1 Qc7 11. Be3 Ngf6 12. Qh4 O-O 13. Rae1 Rfe8 14. Nd4 b5 15.
a3 Rac8 16. Kh1 Nc5 17. f5 Nxd3 18. cxd3 d5 19. Bf4 Qb6 20. Be3 dxe4 21. dxe4
Qc7 22. Bh6 Bxh6 23. Qxh6 Ng4 24. Qh4 Ne5 25. fxg6 hxg6 26. Re3 Qc4 27. Nce2 Kg7
28. Rg3 f6 29. Nf5+ Kg8 30. Qh6 Kf7 31. Qh7+ Ke6 32. Rd1 Qxe4 33. Ng7+ Kf7 34.
Nxe8+ 1-0

[Event "Moscow Open A 2015"]
[Site "Moscow RUS"]
[Date "2015.02.07"]
[Round "8.52"]
[White "Morgunov, Anatoly"]
[Black "Firat, Burak"]
[Result "1-0"]
[WhiteTitle "FM"]
[BlackTitle "IM"]
[WhiteElo "2330"]
[BlackElo "2486"]
[WhiteFideId "4145909"]
[BlackFideId "6305881"]
[EventDate "2015.01.31"]

1. d4 d5 2. c4 e6 3. Nc3 Nf6 4. cxd5 exd5 5. Bg5 Be7 6. e3 c6 7. Bd3 Nbd7 8. Qc2
Nf8 9. h3 Ne6 10. Bxf6 Bxf6 11. Nf3 g6 12. O-O O-O 13. b4 b6 14. Rad1 Bb7 15.
Ne2 Rc8 16. Qb1 Qd6 17. Qb2 Bg7 18. Ne5 Qe7 19. Nf4 Ng5 20. Ne2 f6 21. Nf3 Nxf3+
22. gxf3 Rcd8 23. f4 Bc8 24. Kg2 Kh8 25. Ng3 f5 26. Rh1 Qh4 27. Qe2 c5 28. bxc5
bxc5 29. dxc5 d4 30. Ba6 Be6 31. Bc4 Bc8 32. Ba6 Bxa6 33. Qxa6 Qe7 34. exd4 Bxd4
35. c6 Bb6 36. Qe2 Qc7 37. Qe5+ Qxe5 38. fxe5 Rc8 39. Rd6 f4 40. Ne4 f3+ 41. Kg3
Rf5 42. Re6 Rcf8 43. Rd1 Bc7 44. h4 Bxe5+ 45. Kh3 Rc8 46. Rd7 Kg8 47. Ree7 Bf6
48. Nxf6+ Rxf6 49. c7 Kf8 50. Rxh7 Kg8 51. Rh6 a5 52. Rd8+ 1-0

[Event "Moscow Open A 2015"]
[Site "Moscow RUS"]
[Date "2015.02.07"]
[Round "8.53"]
[White "Swayams, Mishra"]
[Black "Kozlitin, Oleg"]
[Result "0-1"]
[WhiteTitle "IM"]
[BlackTitle "IM"]
[WhiteElo "2480"]
[BlackElo "2329"]
[WhiteFideId "5028183"]
[BlackFideId "4143590"]
[EventDate "2015.01.31"]

1. d4 g6 2. c4 Bg7 3. e4 d6 4. Nc3 e5 5. dxe5 dxe5 6. Qxd8+ Kxd8 7. Bg5+ f6 8.
O-O-O+ Nd7 9. Be3 c6 10. h4 Bh6 11. Bxh6 Nxh6 12. g3 Ke7 13. Bh3 Nc5 14. Bxc8
Raxc8 15. f3 a5 16. Rh2 Rcd8 17. Rxd8 Rxd8 18. Rd2 Rf8 19. g4 Nf7 20. Nge2 Nd8
21. Ng3 Nde6 22. Nce2 Ng7 23. Nc3 Nge6 24. Nce2 Ng7 25. Nc3 Nce6 26. Nce2 Rh8
27. Rd1 h5 28. Rh1 Kd6 29. Kc2 Nf4 30. Rh2 Nge6 31. Kc3 Kc5 32. b3 b5 33. cxb5
cxb5 34. gxh5 Nxh5 35. Rh1 Nd4 36. Nxh5 Nxe2+ 37. Kd3 Rxh5 38. Kxe2 Kb4 39. Rg1
g5 40. hxg5 Rxg5 41. Ra1 Rg2+ 42. Kd3 Ka3 43. Rc1 Kxa2 44. Rc5 Rb2 45. f4 Rxb3+
46. Kc2 exf4 47. Rf5 f3 48. Rxf6 a4 49. e5 b4 50. Kd2 Rb2+ 51. Kd3 Re2 52. Rf4
Ka3 53. Rxf3 Rxe5 54. Kd4+ b3 55. Kxe5 Ka2 56. Kd4 b2 57. Rf2 a3 58. Kc3 Ka1 0-1

[Event "Moscow Open A 2015"]
[Site "Moscow RUS"]
[Date "2015.02.07"]
[Round "8.54"]
[White "Potapov, Pavel"]
[Black "Gerasimov, Ivan"]
[Result "1-0"]
[WhiteTitle "IM"]
[BlackTitle "FM"]
[WhiteElo "2474"]
[BlackElo "2327"]
[WhiteFideId "4169786"]
[BlackFideId "4196562"]
[EventDate "2015.01.31"]

1. e4 c5 2. c3 Nf6 3. e5 Nd5 4. Bc4 Nb6 5. Bb3 c4 6. Bc2 Nc6 7. Nf3 d6 8. exd6
Qxd6 9. O-O g6 10. Na3 Bg7 11. b3 cxb3 12. axb3 O-O 13. d4 Nd5 14. Nc4 Qc7 15.
Bb2 Rd8 16. Re1 Bg4 17. h3 Bd7 18. Nfe5 Nxe5 19. Nxe5 Be8 20. Qf3 Nf6 21. Qf4
Nd5 22. Qg3 Rac8 23. c4 Nb4 24. Be4 Nc6 25. Bxc6 bxc6 26. Ba3 f6 27. Nf3 Qxg3
28. fxg3 e5 29. Bc5 Rb8 30. dxe5 fxe5 31. Rxa7 Rxb3 32. Nxe5 Rdb8 33. Kh2 R3b7
34. Ra6 Rc8 35. Bd6 c5 36. Ra5 Bf8 37. Bxf8 Kxf8 38. g4 Kg7 39. Nd3 Rbc7 40. g5
Bf7 41. Re4 Rd8 42. Nxc5 Rdc8 43. Re5 Bxc4 44. Ne4 Bf7 45. Nf6 Rb8 46. Re4 Rcb7
47. Ra6 Rd8 48. Rh4 Bg8 49. Rc6 Re7 50. Rb6 Rc7 51. Rhb4 Bf7 52. Rh4 Bg8 53. Ra6
Re7 54. Rha4 Bf7 55. Ra7 Rxa7 56. Rxa7 h5 57. Kg3 Rd4 58. Kf3 Kf8 59. Ke3 Rb4
60. Nd7+ Kg8 61. Ne5 Bd5 62. Nxg6 Bxg2 63. h4 Bh3 64. Nf4 Bg4 65. Nd5 Rb3+ 66.
Kd4 Rb1 67. Nf6+ Kf8 68. Nh7+ Kg8 69. Nf6+ Kf8 70. Rh7 Rf1 1-0

[Event "Moscow Open A 2015"]
[Site "Moscow RUS"]
[Date "2015.02.07"]
[Round "8.55"]
[White "Airapetian, Gor"]
[Black "Demianjuk, Alexander"]
[Result "1-0"]
[WhiteTitle "IM"]
[WhiteElo "2470"]
[BlackElo "2327"]
[WhiteFideId "4177916"]
[BlackFideId "4134249"]
[EventDate "2015.01.31"]

1. d4 Nf6 2. c4 e6 3. Nf3 b6 4. g3 Bb4+ 5. Bd2 Be7 6. Nc3 Bb7 7. Bg2 c6 8. O-O
d5 9. Bf4 dxc4 10. Ne5 Nd5 11. Nxc4 Nxf4 12. gxf4 Nd7 13. Rc1 O-O 14. e3 Rc8 15.
Ne4 c5 16. Ncd6 Bxd6 17. Nxd6 Bxg2 18. Kxg2 Rc6 19. Ne4 Nf6 20. Qf3 Nxe4 21.
Qxe4 Rc7 22. dxc5 Rxc5 23. Rxc5 bxc5 24. Rc1 Qb6 25. Qe5 Rc8 26. Rc4 a5 27. a3
h6 28. Kg3 Qb5 29. Qc3 a4 30. Qc2 f5 31. h3 Kh7 32. e4 Rb8 33. exf5 Qb3+ 34. Kg4
h5+ 35. Kh4 Qf3 36. fxe6+ Kh6 37. f5 Rb3 38. Qd2+ Kh7 39. Rc3 Qxf5 40. Qc2 Qxc2
41. Rxc2 Kg8 42. Rxc5 Kf8 43. Rc7 Rxb2 44. Rf7+ Ke8 45. f4 Rg2 46. Kxh5 Rg3 47.
Kh4 Rxa3 48. Rxg7 Re3 49. f5 Re5 50. Kg5 Ra5 51. Kf6 1-0

[Event "Moscow Open A 2015"]
[Site "Moscow RUS"]
[Date "2015.02.07"]
[Round "8.56"]
[White "Barsov, Alexei"]
[Black "Murtazin, Bulat"]
[Result "0-1"]
[WhiteTitle "GM"]
[BlackTitle "FM"]
[WhiteElo "2455"]
[BlackElo "2326"]
[WhiteFideId "14200082"]
[BlackFideId "24151351"]
[EventDate "2015.01.31"]

1. d4 d5 2. c4 e6 3. Nc3 Be7 4. cxd5 exd5 5. Bf4 c6 6. e3 Bf5 7. Nge2 Nd7 8. Ng3
Bg6 9. Be2 Qb6 10. Qd2 h5 11. h4 Ngf6 12. Bf3 O-O 13. Bg5 Bd6 14. Nge2 Ne4 15.
Bxe4 Bxe4 16. Nxe4 dxe4 17. O-O-O Rfe8 18. Kb1 a5 19. Qc2 Qa6 20. f3 exf3 21.
gxf3 c5 22. e4 cxd4 23. Nxd4 Ne5 24. Rhg1 Nc4 25. Bf6 g6 26. Nf5 Bf8 27. Bc3
Rac8 28. Rg5 Qb6 29. Ka1 Ne3 30. Qf2 Rxc3 31. bxc3 Bc5 32. Nh6+ Kh7 33. Rb1 Qc7
34. Nxf7 Bd4 35. Rb3 a4 0-1

[Event "Moscow Open A 2015"]
[Site "Moscow RUS"]
[Date "2015.02.07"]
[Round "8.57"]
[White "Munguntuul, Batkhuyag"]
[Black "Rozhkov, Viacheslav"]
[Result "1-0"]
[WhiteTitle "IM"]
[BlackTitle "FM"]
[WhiteElo "2433"]
[BlackElo "2314"]
[WhiteFideId "4900758"]
[BlackFideId "4181484"]
[EventDate "2015.01.31"]

1. e4 c5 2. Nf3 d6 3. d4 cxd4 4. Nxd4 Nf6 5. Nc3 Nc6 6. Bg5 Bd7 7. Qd2 Rc8 8.
O-O-O Nxd4 9. Qxd4 Qa5 10. Bd2 a6 11. a3 Qc5 12. Qxc5 Rxc5 13. f3 g6 14. Be3 Rc8
15. g4 Bg7 16. g5 Nh5 17. Nd5 h6 18. Bd3 hxg5 19. Bxg5 Bh6 20. h4 Be6 21. Rde1
f6 22. Bd2 Kf7 23. a4 Bxd5 24. exd5 f5 25. Bg5 Nf6 26. b3 Nxd5 27. Bc4 Rxc4 28.
bxc4 Nf6 29. Kb2 Bg7 30. Kb3 e6 31. Re2 e5 32. Rd1 Ke6 33. Red2 Rd8 34. Be3 Bf8
35. Rg1 Kf7 36. Rdg2 d5 37. Rxg6 dxc4+ 38. Kxc4 Rc8+ 39. Kd3 Nd5 40. Bd2 Rd8 41.
Ke2 Rc8 42. Kd1 Rc4 43. h5 Rxa4 44. R1g5 Ne7 45. Rb6 Rh4 46. Bb4 Rf4 47. h6 Bxh6
48. Bxe7 Bxg5 49. Bxg5 Rxf3 50. Rxb7+ Kg6 51. Bd2 e4 52. c4 1-0

[Event "Moscow Open A 2015"]
[Site "Moscow RUS"]
[Date "2015.02.07"]
[Round "8.58"]
[White "Duzhakov, Ilya"]
[Black "Manakova, Maria"]
[Result "0-1"]
[WhiteTitle "FM"]
[BlackTitle "WGM"]
[WhiteElo "2420"]
[BlackElo "2318"]
[WhiteFideId "4192516"]
[BlackFideId "927007"]
[EventDate "2015.01.31"]

1. d4 Nf6 2. c4 g6 3. f3 d5 4. cxd5 Nxd5 5. e4 Nb6 6. Nc3 Bg7 7. Be3 O-O 8. Qd2
Nc6 9. O-O-O f5 10. e5 Nb4 11. Nh3 Be6 12. Kb1 Nc4 13. Bxc4 Bxc4 14. b3 Bf7 15.
Ng5 Nd5 16. h4 Nxc3+ 17. Qxc3 Bd5 18. Nh3 a5 19. Rc1 a4 20. b4 a3 21. Qxc7 Bc6
22. Qxd8 Rfxd8 23. Rc3 Ra4 24. Ka1 e6 25. Nf4 Kf7 26. Nd3 Bf8 27. Rb1 Be7 28.
Rbb3 Bxh4 29. b5 Bd5 30. Rxa3 Rxa3 31. Rxa3 Be7 32. Rc3 Ra8 33. Rc2 Ra3 34. Rd2
Bc4 35. Nb2 Bxb5 36. Bf2 Bf1 37. Bg1 Rc3 38. Nd1 Rc4 39. Rf2 Ba3 0-1

[Event "Moscow Open A 2015"]
[Site "Moscow RUS"]
[Date "2015.02.07"]
[Round "8.59"]
[White "Kotlyar, Kirill"]
[Black "Sadikhov, Ulvi"]
[Result "1-0"]
[WhiteTitle "FM"]
[BlackTitle "FM"]
[WhiteElo "2320"]
[BlackElo "2414"]
[WhiteFideId "24145599"]
[BlackFideId "13401416"]
[EventDate "2015.01.31"]

1. d4 d6 2. e4 Nf6 3. Nc3 e5 4. Nf3 Nbd7 5. Bc4 Be7 6. O-O O-O 7. a4 a5 8. Ba2
c6 9. h3 h6 10. Re1 Re8 11. Be3 Qc7 12. Qe2 Nf8 13. Rad1 Ng6 14. Qc4 Bd8 15. Qd3
Qe7 16. Bb3 Bc7 17. Qd2 Nh7 18. dxe5 dxe5 19. Ne2 Nh4 20. Nxh4 Qxh4 21. f3 Ng5
22. Bf2 Qh5 23. h4 Ne6 24. Qc3 Qg6 25. Kh1 Nf4 26. g3 Ne6 27. Qc4 Kh8 28. Kh2
Qf6 29. Kg2 g5 30. Qc3 gxh4 31. Rh1 h3+ 32. Rxh3 Ng5 33. Rh4 Kg7 34. Rdh1 Rh8
35. Nf4 Kg8 36. Bc5 Qg7 37. Nh5 Qg6 38. Be7 Nh7 39. g4 Be6 40. Nf4 exf4 41. Rxh6
Qg7 42. Bf6 1-0